Sports Quiz

Random Sports or Baseball Quiz

MLB Teams by Stadium Quiz Stats

 Plays Quiz Updated Jul 3, 2017

Also try: Team by Stadium
Challenge
Share
Tweet
Embed
Score 0/30 Timer 03:00
1 Play Today
Stadium Name Team Name % Correct
Yankee StadiumNew York Yankees
96.5%
Dodger StadiumLos Angeles Dodgers
96.1%
Fenway ParkBoston Red Sox
95.8%
Wrigley FieldChicago Cubs
95.5%
Angel Stadium of AnaheimLos Angeles Angels
95.4%
Oriole Park at Camden YardsBaltimore Orioles
95.2%
Marlins ParkMiami Marlins
95.2%
Nationals ParkWashington Nationals
94.9%
Globe Life Park in ArlingtonTexas Rangers
93.2%
Coors FieldColorado Rockies
90.4%
Tropicana FieldTampa Bay Rays
88.4%
Busch StadiumSt. Louis Cardinals
86.8%
Miller ParkMilwaukee Brewers
86.5%
SunTrust ParkAtlanta Braves
83.6%
Citi FieldNew York Mets
83.3%
Stadium Name Team Name % Correct
Target FieldMinnesota Twins
80.7%
PNC ParkPittsburgh Pirates
78.7%
Petco ParkSan Diego Padres
78.7%
Oakland-Alameda County ColiseumOakland Athletics
78.3%
Safeco FieldSeattle Mariners
78.1%
AT&T ParkSan Francisco Giants
77.7%
Rogers CentreToronto Blue Jays
77.1%
Minute Maid ParkHouston Astros
76.5%
Great American Ball ParkCincinnati Reds
75.3%
Kauffman StadiumKansas City Royals
74.4%
Comerica ParkDetroit Tigers
74.3%
Guaranteed Rate FieldChicago White Sox
74.2%
Citizens Bank ParkPhiladelphia Phillies
72.9%
Chase FieldArizona Diamondbacks
63.3%
Progressive FieldCleveland Indians
62.2%

You're not logged in!

Compare scores with friends on all Sporcle quizzes.
Join for Free
OR
Log In

You Might Also Like...

Show Comments

Extras

Top Quizzes Today


Score Distribution

Your Account Isn't Verified!

In order to create a playlist on Sporcle, you need to verify the email address you used during registration. Go to your Sporcle Settings to finish the process.

Report this User

Report this user for behavior that violates our Community Guidelines.

Details: